| 000 | 00358nam a2200133Ia 4500 | ||
|---|---|---|---|
| 008 | 231228s2011 xx 000 0 und d | ||
| 041 | _aeng | ||
| 082 |
_a5.2 _bJUN |
||
| 100 | _aJUNEJA (B.L.)/ SETH (Anita) | ||
| 245 | _aProgramming in C | ||
| 250 | _a1st Impr | ||
| 260 |
_aNew Delhi _bCengage Learning India Pvt. Ltd New Delhi _c2011 |
||
| 300 | _aiv, 477 | ||
| 999 |
_c1095859 _d1095859 |
||